[Event "2022 Welsh Open "]
[Site "Cardiff"]
[Date "2022.04.15"]
[Round "1"]
[Board "1"]
[White "Van Veelen, Thomas"]
[Black "Jones, Jeremy"]
[Result "1-0"]
[WhiteElo "1998"]
[BlackElo "1580"]
[PlyCount "0"]
[EventDate "2022.04.15"]
[EventRounds "7"]
[EventCountry "WLS"]

1. d4 d5 2. c4 c6 3. Nf3 Nf6 4. Nc3 e6 5. Bg5 Be7 6. e3 dxc4 7. Bxc4 b5 8. Bd3 O-O
9. Ne5 Bb7 10. Qf3 b4 11. Ne4 Nd5 12. Qh5 f5 13. Nc5 Bc8 14. h4 Nf6 15. Qf3 Bxc5
16. dxc5 Qd5 17. Bf4 Qxf3 18. Nxf3 Nbd7 19. Bd6 Rf7 20. Ng5 g6 21. Bc4 Nf8 22. Nxf7
Kxf7 23. f3 a5 24. Rd1 Nd5 25. Kf2 Ba6 26. Bxa6 Rxa6 27. e4 Nf6 28. exf5 gxf5 29.
Bxf8 Kxf8 30. Rhe1 Ke7 31. Rd6 Kf7 32. Rexe6  1-0

[Event "2022 Welsh Open "]
[Site "Cardiff"]
[Date "2022.04.15"]
[Round "1"]
[Board "2"]
[White "Probert, Malcolm"]
[Black "May, Adam J"]
[Result "0-1"]
[WhiteElo "1575"]
[BlackElo "1950"]
[PlyCount "0"]
[EventDate "2022.04.15"]
[EventRounds "7"]
[EventCountry "WLS"]

1. Nf3 d5 2. d4 Nf6 3. g3 e6 4. Bg2 b5 5. O-O Bb7 6. b3 Be7 7. Ba3 O-O 8. Bxe7 Qxe7
9. Ne5 c5 10. dxc5 Qxc5 11. c4 bxc4 12. bxc4 Nc6 13. Nxc6 Bxc6 14. cxd5 Bxd5 15.
Bxd5 Nxd5 16. e3 Rfd8 17. Qe2 Nb4 18. Nd2 e5 19. Nb3 Qe7 20. Rfc1 a5 21. a3 Nd3 22.
Rc3 e4 23. Qc2 Qf6 24. f4 Rab8 25. Rc6 Qe7 26. Rc7 Qe8 27. Rb1 Rdc8 28. Rxc8 Rxc8
29. Qd2 a4 30. Nd4 h6 31. Nb5 Qc6 32. Nd4 Qc5 33. Ra1 Qb6 34. Nc2 Qb2  0-1

[Event "2022 Welsh Open "]
[Site "Cardiff"]
[Date "2022.04.15"]
[Round "1"]
[Board "3"]
[White "Vlkova, Anezka"]
[Black "Williams, Stephen"]
[Result "1-0"]
[WhiteElo "1938"]
[BlackElo "1570"]
[PlyCount "0"]
[EventDate "2022.04.15"]
[EventRounds "7"]
[EventCountry "WLS"]

1. e4 c6 2. Nc3 d5 3. Nf3 Bg4 4. h3 Bh5 5. d3 e6 6. Be2 Bb4 7. Bd2 Ne7 8. a3 Ba5
9. O-O O-O 10. Nh2 Bg6 11. Bf3 Nd7 12. g3 Ne5 13. Bg2 d4 14. Ne2 Bb6 15. f4 Nd7 16.
Nf3 c5 17. g4 f5 18. Ng5 Bf7 19. gxf5 exf5 20. e5 h6 21. Nxf7 Kxf7 22. Bxb7 Rb8 23.
Ba6 Kg8 24. Bc4+ Kh8 25. Ng3 Bc7 26. b4 Nb6 27. Be6 Nbd5 28. Qh5 Qe8 29. Qxe8 Rbxe8
30. bxc5 Ne3 31. Bxe3 dxe3 32. Rae1 Rd8 33. Rxe3 Nd5 34. Ref3 g6 35. c4 Ne7 36. Ne2
Rb8 37. d4 Rb2 38. Nc3 Nc6 39. Nd5 Ba5 40. Rd3 Kg7 41. Nf6 Bd8 42. d5 Bxf6 43. dxc6
Be7 44. Rd7 Re8 45. c7 Kf8 46. Rfd1 Bxc5+ 47. Kh1 Be7 48. Rd8 Rxd8 49. Rxd8+   1-0

[Event "2022 Welsh Open "]
[Site "Cardiff"]
[Date "2022.04.15"]
[Round "1"]
[Board "4"]
[White "Chung, Ethan Cheung Jing"]
[Black "Thomas, Mark"]
[Result "0-1"]
[WhiteElo "1554"]
[BlackElo "1919"]
[PlyCount "70"]
[EventDate "2022.04.15"]
[EventRounds "7"]
[EventCountry "WLS"]

1. e4 g6 2. d4 Bg7 3. Nf3 d6 4. Bc4 Nf6 5. Nc3 O-O 6. Be3 Nxe4 7. Nxe4 d5 8. Bxd5
Qxd5 9. Nc3 Qh5 10. Qd2 Bg4 11. O-O-O Bxf3 12. gxf3 Nc6 13. Ne4 Rfd8 14. c3 Qxf3
15. Ng5 Qd5 16. b3 b5 17. h4 e5 18. h5 exd4 19. hxg6 hxg6 20. Rh4 Qc5 21. Ne4 Qa3+
22. Kb1 dxe3 23. Qe2 Rxd1+ 24. Qxd1 Rd8 25. Qc2 Qe7 26. Rf4 exf2 27. Rxf2 b4 28.
Re2 bxc3 29. Nxc3 Qf6 30. Re3 Qd4 31. Qe2 Ne5 32. Kc2 Ng4 33. Rf3 Qd7 34. Ne4 Re8
35. Qc4 Ne5  0-1

[Event "2022 Welsh Open "]
[Site "Cardiff"]
[Date "2022.04.15"]
[Round "1"]
[Board "5"]
[White "Havard, Gwyn"]
[Black "Norris, David"]
[Result "1-0"]
[WhiteElo "1916"]
[BlackElo "1554"]
[PlyCount "0"]
[EventDate "2022.04.15"]
[EventRounds "7"]
[EventCountry "WLS"]

1. e4 c5 2. f4 Qc7 3. e5 g5 4. d4 cxd4 5. Nf3 gxf4 6. Bxf4 Bh6 7. Bxh6 Nxh6 8. Qxd4
Qxc2 9. Na3 Qg6 10. Qc3 Qe4+ 11. Be2 Nc6 12. e6 Rg8 13. exf7+ Nxf7 14. Rg1 Nfe5 15.
Nd2 Qh4+ 16. Kd1 Qxh2 17. Kc2 Rg3 18. Bh5+ Kd8 19. Bf3 Nxf3 20. Qh8+ Kc7 21. Nb5+
Kb8 22. Raf1 Nxg1 23. Rf8 Nb4+ 24. Kb1 b6 25. Rxc8+ Kb7 26. Rxa8 Ka6 27. Qc8+ Kxb5
28. Qc4+  1-0

[Event "2022 Welsh Open "]
[Site "Cardiff"]
[Date "2022.04.15"]
[Round "1"]
[Board "6"]
[White "McGhee, David"]
[Black "Timmins, Chris P"]
[Result "0-1"]
[WhiteElo "1529"]
[BlackElo "1885"]
[PlyCount "0"]
[EventDate "2022.04.15"]
[EventRounds "7"]
[EventCountry "WLS"]

1. e4 d6 2. d4 Nf6 3. Nc3 c6 4. Nf3 Bg4 5. Be2 Nbd7 6. O-O e5 7. h3 Bxf3 8. Bxf3
Be7 9. Ne2 Qc7 10. Ng3 g6 11. Bh6 Bf8 12. Bg5 h6 13. dxe5 dxe5 14. Be3 h5 15. c4
Bc5 16. Qb3 Qb6 17. Rfe1 Bxe3 18. Rxe3 Nc5 19. Qxb6 axb6 20. b4 Ne6 21. Rd3 Ke7 22.
a4 Nd4 23. Ra2 Rhd8 24. Rda3 Nxf3+ 25. gxf3 Rd1+ 26. Kg2 Rc1 27. a5 Rxc4 28. Rb3
Nd7 29. Nf1 bxa5 30. Ne3 Rc1 31. bxa5 Nc5 32. Rb4 Rd8 33. Rbb2 f6 34. Rb4 Rd7 35.
Rbb2 Kd8 36. Kh2 Kc7 37. Rc2 Rxc2 38. Rxc2 Ne6 39. Kg3 Nd4 40. Rc4 Kb8 41. f4 Ne2+
42. Kf3 Nxf4 43. h4 Ka7 44. Rc3 Rd4 45. Ra3 Ka6 46. Kg3 Rxe4  0-1

[Event "2022 Welsh Open "]
[Site "Cardiff"]
[Date "2022.04.15"]
[Round "1"]
[Board "7"]
[White "Espinosa Delgado, Miguel"]
[Black "Fowler, Caspian"]
[Result "1/2-1/2"]
[WhiteElo "1878"]
[BlackElo "1475"]
[PlyCount "0"]
[EventDate "2022.04.15"]
[EventRounds "7"]
[EventCountry "WLS"]

1. d4 Nf6 2. c4 g6 3. Nc3 d5 4. Nf3 Bg7 5. g3 O-O 6. Bg2 c5 7. dxc5 Qa5 8. O-O dxc4
9. Qc2 Qxc5 10. Be3 Qa5 11. Nd2 Bf5 12. Nxc4 Qc7 13. Qb3 Nc6 14. Nb5 Qc8 15. Rac1
Be4 16. Rfd1 Rd8 17. Ne5 Rxd1+ 18. Qxd1 Qf5 19. Nxc6 bxc6 20. Nd4 Qd5 21. Bxe4 Qxe4
22. Qc2 Rc8 23. Qxe4 Nxe4 24. Rxc6 Rxc6 25. Nxc6 Bxb2 26. Bxa7 Nc3 27. Nxe7+ Kf8
28. Bc5 Ke8 29. a3 Nxe2+ 30. Kf1 Nc1 31. Nd5 Nd3 32. Bb4 Nxb4 33. axb4 Kd7 34. Ke2
Kc6 35. Ne3 Kb5 36. Nc2 Kc4 37. Kd2 h5 38. h3 Bc3+ 39. Ke3 f6 40. f3 f5 41. g4 hxg4
42. hxg4 fxg4 43. fxg4 g5 44. Ke4 Bd2 45. Ke5 Kc3 46. Nd4 Kxb4 47. Ne6  1/2-1/2

[Event "2022 Welsh Open "]
[Site "Cardiff"]
[Date "2022.04.15"]
[Round "1"]
[Board "8"]
[White "Pugh, Noah"]
[Black "Guy, David"]
[Result "1/2-1/2"]
[WhiteElo "1450"]
[BlackElo "1870"]
[PlyCount "0"]
[EventDate "2022.04.15"]
[EventRounds "7"]
[EventCountry "WLS"]

1. c4 e5 2. Nc3 Nc6 3. g3 g6 4. Bg2 Bg7 5. Nf3 Nge7 6. O-O O-O 7. e3 d6 8. d4 exd4
9. Nxd4 Ne5 10. Nd5 Nxc4 11. Qc2 Nxd5 12. Bxd5 Nb6 13. Bg2 c6 14. Bd2 d5 15. Bc3
Re8 16. a4 Bd7 17. a5 Nc4 18. b3 Nd6 19. Rfe1 Rc8 20. Qb2 c5 21. Ne2 Bxc3 22. Qxc3
Ne4 23. Bxe4 dxe4 24. Red1 Qe7 25. Nf4 Bc6 26. Nd5 Bxd5 27. Rxd5 b6 28. axb6 axb6
29. Rad1 Rcd8 30. h4 Rxd5 31. Rxd5 Qe6 32. Qd2 Ra8 33. Qd1 Qf6 34. Qc2 Qe6 35. Qd1
Qf6 36. Rd6 Ra1 37. Rxf6 Rxd1+ 38. Kg2 Rb1 39. Rxb6 c4 40. b4 c3 41. Rc6 Rxb4 42.
Rxc3 Rb2 43. Rc4 f5 44. Rc7 h5 45. Ra7 Kf8 46. Rc7 Kg8 47. Ra7 Kf8  1/2-1/2

[Event "2022 Welsh Open "]
[Site "Cardiff"]
[Date "2022.04.15"]
[Round "1"]
[Board "9"]
[White "Bevan, Peter M"]
[Black "Cox, John"]
[Result "1-0"]
[WhiteElo "1855"]
[BlackElo "1431"]
[PlyCount "0"]
[EventDate "2022.04.15"]
[EventRounds "7"]
[EventCountry "WLS"]

1. d4 Nf6 2. c4 e6 3. Nc3 Bb4 4. e3 b6 5. Nge2 Bb7 6. a3 Bxc3+ 7. Nxc3 O-O 8. Qc2
d5 9. f3 Re8 10. Bd3 Nbd7 11. cxd5 exd5 12. O-O c5 13. Qf2 cxd4 14. exd4 h6 15. Qg3
Kh8 16. Nb5 Re7 17. Nd6 Nf8 18. Nf5 Ng6 19. Nxe7 Qxe7 20. Re1 Qd7 21. Bxg6 fxg6 22.
Qxg6 Qa4 23. Qd3 Ba6 24. Qd1 Qd7 25. Bf4 Qf5 26. Be5 Nd7 27. Qd2 Nf8 28. Qxh6+   1-0

[Event "2022 Welsh Open "]
[Site "Cardiff"]
[Date "2022.04.15"]
[Round "1"]
[Board "10"]
[White "Emblem, Mark"]
[Black "Jukes, Sam"]
[Result "0-1"]
[WhiteElo "1428"]
[BlackElo "1850"]
[PlyCount "0"]
[EventDate "2022.04.15"]
[EventRounds "7"]
[EventCountry "WLS"]

1. d4 Nf6 2. c4 c5 3. d5 b5 4. e3 g6 5. Nf3 Bg7 6. Bd3 bxc4 7. Bxc4 O-O 8. Nc3 d6
9. O-O Nbd7 10. a3 Nb6 11. Ba2 Bf5 12. Re1 Ne4 13. Ne2 g5 14. Nd2 Qd7 15. f3 Nxd2
16. Qxd2 Rab8 17. e4 Bg6 18. Ng3 h6 19. Rb1 Na4 20. Re3 Bd4 21. b3 Nc3 22. Rb2 Nxa2
23. Rxa2 Bxe3+ 24. Qxe3 Qb5 25. b4 Qc4 26. Rf2 cxb4 27. Bb2 bxa3 28. Qxa3 Rfc8 29.
Qxa7 Rxb2 30. Qxe7 Qd4  0-1

[Event "2022 Welsh Open "]
[Site "Cardiff"]
[Date "2022.04.15"]
[Round "1"]
[Board "11"]
[White "Fowler, Hugo"]
[Black "Swamy, Anshul"]
[Result "1-0"]
[WhiteElo "1840"]
[BlackElo "1359"]
[PlyCount "0"]
[EventDate "2022.04.15"]
[EventRounds "7"]
[EventCountry "WLS"]

1. e4 d5 2. exd5 Nf6 3. Bb5+ Bd7 4. Bc4 c6 5. dxc6 Bxc6 6. Nf3 e6 7. O-O Be7 8. d4
O-O 9. Be3 Bd5 10. Bxd5 Qxd5 11. Ne5 Nfd7 12. c4 Qd6 13. Nxd7 Qxd7 14. Nc3 Rd8 15.
Qf3 Nc6 16. d5 exd5 17. Nxd5 Bd6 18. Rfd1 Qe6 19. h3 Ne5 20. Qe2 Rdc8 21. b3 Bc5
22. Re1 b5 23. Bxc5  1-0

[Event "2022 Welsh Open "]
[Site "Cardiff"]
[Date "2022.04.15"]
[Round "1"]
[Board "12"]
[White "Hollyman, Mike"]
[Black "Harding, Gareth"]
[Result "0-1"]
[WhiteElo "1329"]
[BlackElo "1829"]
[PlyCount "0"]
[EventDate "2022.04.15"]
[EventRounds "7"]
[EventCountry "WLS"]

1. c4 c6 2. e4 d5 3. cxd5 cxd5 4. exd5 Nf6 5. Nc3 Nxd5 6. g3 Nxc3 7. bxc3 Qd5 8.
Nf3 Qe4+ 9. Qe2 Qxe2+ 10. Bxe2 Nc6 11. d4 e6 12. O-O Bd6 13. Bd3 b6 14. Bb5 Bb7 15.
d5 exd5 16. Re1+ Kd8 17. Ng5 Ne5 18. Bf4 f6 19. Bxe5 fxe5 20. Nf7+ Kc7 21. Nxh8 Rxh8
22. Rad1 Rf8 23. Ba4 e4 24. Bb3 Bc5 25. Rd2 Rf3 26. Rc2 e3 27. Kf1 Ba6+ 28. c4 d4
29. Ke2 Bb7 30. fxe3 Rxe3+ 31. Kf1 Rf3+ 32. Ke2 d3+  0-1

[Event "2022 Welsh Open "]
[Site "Cardiff"]
[Date "2022.04.15"]
[Round "1"]
[Board "13"]
[White "Taylor, Robert Graham"]
[Black "Owen, Bob"]
[Result "1-0"]
[WhiteElo "1805"]
[BlackElo "1320"]
[PlyCount "0"]
[EventDate "2022.04.15"]
[EventRounds "7"]
[EventCountry "WLS"]

1. d4 d5 2. c4 c6 3. Nf3 Nf6 4. Nc3 a6 5. cxd5 cxd5 6. g3 Bf5 7. Bg2 e6 8. O-O Nc6
9. Bf4 Be7 10. Rc1 h6 11. Qb3 Qd7 12. Na4 Na5 13. Qd1 Qb5 14. b3 g5 15. Be5 O-O 16.
Rc7 Bd8 17. Rc5 Qe8 18. Bxf6 Bxf6 19. Rxa5 Bd8 20. Rc5 b5 21. Nb2 f6 22. Qd2 Bb6
23. Rcc1 a5 24. Nd3 Qh5 25. Nc5 Ra7 26. Rfe1 Re7 27. h4 Rff7 28. e4 dxe4 29. Nxe4
Bxe4 30. Rxe4 g4 31. Ne1 f5 32. Re5 b4 33. Nd3 Qg6 34. Nf4 Qf6 35. Rc8+ Kh7 36. Rc6
  1-0

[Event "2022 Welsh Open "]
[Site "Cardiff"]
[Date "2022.04.15"]
[Round "1"]
[Board "14"]
[White "Wu, Yuxuan"]
[Black "Bridges, Paul"]
[Result "1/2-1/2"]
[WhiteElo "1303"]
[BlackElo "1768"]
[PlyCount "54"]
[EventDate "2022.04.15"]
[EventRounds "7"]
[EventCountry "WLS"]

1. d4 d5 2. c4 e6 3. Nc3 c6 4. Nf3 f5 5. Bf4 Nf6 6. e3 Bd6 7. Bxd6 Qxd6 8. c5 Qc7
9. Bd3 O-O 10. O-O Ne4 11. Bxe4 fxe4 12. Ne5 Nd7 13. Nxd7 Bxd7 14. f3 exf3 15. Rxf3
e5 16. Rg3 e4 17. Ne2 Rf6 18. Nf4 Raf8 19. Qe2 Qd8 20. b4 Rh6 21. Rf1 Qh4 22. Nh3
Rxf1+ 23. Qxf1 Bxh3 24. Rxh3 Qg5 25. Rg3 Qh4 26. Rh3 Qg5 27. Rg3 Qh4  1/2-1/2

[Event "2022 Welsh Open "]
[Site "Cardiff"]
[Date "2022.04.15"]
[Round "1"]
[Board "15"]
[White "Chong, Kimberly"]
[Black "Fowler, Tansy"]
[Result "1-0"]
[WhiteElo "1765"]
[BlackElo "1264"]
[PlyCount "45"]
[EventDate "2022.04.15"]
[EventRounds "7"]
[EventCountry "WLS"]

1. e4 e5 2. Nf3 Nc6 3. Bc4 Bc5 4. c3 Nf6 5. d3 O-O 6. a4 a6 7. O-O d6 8. b4 Ba7 9.
Bg5 h6 10. Bh4 Bg4 11. Nbd2 d5 12. exd5 Nxd5 13. Bxd8 Nxc3 14. Qb3 Nxd8 15. Qxc3
Re8 16. Nxe5 Be6 17. Rae1 f6 18. Nd7 Bf7 19. Rxe8+ Kh7 20. Bxf7 b5 21. Nf8+ Kh8 22.
Ng6+ Kh7 23. Rh8#  1-0

[Event "2022 Welsh Open "]
[Site "Cardiff"]
[Date "2022.04.15"]
[Round "1"]
[Board "16"]
[White "Westcott, Dale"]
[Black "Zografos, Lefteris"]
[Result "1/2-1/2"]
[WhiteElo "1250"]
[BlackElo "1749"]
[PlyCount "85"]
[EventDate "2022.04.15"]
[EventRounds "7"]
[EventCountry "WLS"]

1. d4 Nf6 2. Nf3 e6 3. g3 d5 4. Bg2 c5 5. O-O cxd4 6. Nxd4 e5 7. Nb3 Be7 8. Nc3 d4
9. Ne4 Nxe4 10. Bxe4 f5 11. Bg2 Nc6 12. e3 dxe3 13. Bxe3 Be6 14. Qe2 O-O 15. Rad1
Qc7 16. Nc5 Bxc5 17. Bxc5 Rfd8 18. b3 Rac8 19. c4 Bf7 20. Rxd8+ Rxd8 21. Rd1 Rxd1+
22. Qxd1 e4 23. Qd6 Qxd6 24. Bxd6 Bh5 25. b4 Bf7 26. b5 Na5 27. c5 Bxa2 28. Bf1 Nc4
29. Bb8 a6 30. bxa6 bxa6 31. c6 Nb6 32. Bxa6 Be6 33. c7 Kf8 34. Ba7 Nc8 35. Bc5+
Ke8 36. Bxc8 Bxc8 37. Kf1 Kd7 38. Bb6 Kc6 39. Ba5 g6 40. Ke2 Kb5 41. Bc3 Kc6 42.
Be5 Kd5 43. Bc3  1/2-1/2

[Event "2022 Welsh Open "]
[Site "Cardiff"]
[Date "2022.04.15"]
[Round "1"]
[Board "18"]
[White "Kong, Emma Zihan"]
[Black "Dixon, Chris"]
[Result "1/2-1/2"]
[WhiteElo "1152"]
[BlackElo "1735"]
[PlyCount "64"]
[EventDate "2022.04.15"]
[EventRounds "7"]
[EventCountry "WLS"]

1. d4 Nf6 2. c4 e6 3. Nc3 d5 4. a3 Be7 5. Bf4 O-O 6. Nf3 c5 7. e3 a6 8. cxd5 exd5
9. h3 cxd4 10. Nxd4 Nc6 11. Be2 Be6 12. O-O Nxd4 13. Qxd4 Rc8 14. b4 b5 15. Rfd1
Qd7 16. Bf3 Rfd8 17. Rac1 Rc4 18. Qd2 h6 19. Qb2 Qb7 20. Ne2 Rdc8 21. Rxc4 bxc4 22.
Nc3 Rd8 23. Qc2 Qc8 24. Qe2 a5 25. Qb2 axb4 26. axb4 Qb7 27. b5 Ne4 28. Nxe4 dxe4
29. Rxd8+ Bxd8 30. Be2 Bf6 31. Qb4 c3 32. Bd1 Bd7  1/2-1/2

[Event "2022 Welsh Open "]
[Site "Cardiff"]
[Date "2022.04.15"]
[Round "1"]
[Board "19"]
[White "Di-Vetta, Andrew"]
[Black "Liyanage, Hasini Pamuditha"]
[Result "1-0"]
[WhiteElo "1726"]
[BlackElo "1117"]
[PlyCount "189"]
[EventDate "2022.04.15"]
[EventRounds "7"]
[EventCountry "WLS"]

1. e4 c5 2. d3 d6 3. Nf3 Nc6 4. g3 Nf6 5. Bg2 Bg4 6. c3 g6 7. h3 Bd7 8. O-O Qc8 9.
Kh2 Bg7 10. Nbd2 Nh5 11. Re1 O-O 12. Nc4 Ne5 13. Ne3 e6 14. Ng1 f5 15. f4 Nc6 16.
exf5 exf5 17. Nd5 Re8 18. Rxe8+ Bxe8 19. Qe2 Nf6 20. Bd2 Bf7 21. Ne7+ Nxe7 22. Qxe7
d5 23. Nf3 b6 24. Ne5 Qf8 25. Qb7 Be6 26. Re1 Qc8 27. Qe7 Qe8 28. Nxg6 hxg6 29. Rxe6
Qxe7 30. Rxe7 Bf8 31. Re5 Rd8 32. Kg1 c4 33. d4 Kf7 34. b3 b5 35. g4 fxg4 36. hxg4
Nxg4 37. Bxd5+ Kg7 38. Rg5 Nf6 39. Bc6 cxb3 40. axb3 b4 41. Ra5 bxc3 42. Bxc3 Rd6
43. Rxa7+ Kh6 44. Bf3 Rb6 45. Rb7 Re6 46. Rf7 Re3 47. Rxf8 Rxc3 48. Rxf6 Rxf3 49.
b4 Kg7 50. Kg2 Rb3 51. Rb6 Rb2+ 52. Kf3 Kf7 53. b5 Ke7 54. Ke4 Kd7 55. Rxg6 Rxb5
56. d5 Rb1 57. Re6 Re1+ 58. Kf5 Rd1 59. Re5 Kd6 60. Kf6 Rf1 61. f5 Rd1 62. Re6+ Kxd5
63. Ke7 Ra1 64. Re2 Ra7+ 65. Kf8 Rb7 66. f6 Rb8+ 67. Kg7 Rb7+ 68. f7 Kd6 69. Kg8
Rxf7 70. Kxf7 Kd5 71. Kf6 Kd4 72. Kf5 Kd5 73. Re8 Kd4 74. Re7 Kd3 75. Kf4 Kd4 76.
Rd7+ Kc4 77. Ke5 Kc3 78. Ke4 Kc2 79. Ke3 Kc1 80. Ke2 Kc2 81. Rc7+ Kb3 82. Kd3 Kb4
83. Rc1 Kb5 84. Kd4 Kb6 85. Kd5 Kb7 86. Kd6 Kb8 87. Kd7 Kb7 88. Rb1+ Ka6 89. Kc6
Ka5 90. Rb8 Ka4 91. Kc5 Ka3 92. Kc4 Ka2 93. Kc3 Ka1 94. Kc2 Ka2 95. Ra8#  1-0

[Event "2022 Welsh Open "]
[Site "Cardiff"]
[Date "2022.04.15"]
[Round "1"]
[Board "21"]
[White "Thomas, Roy"]
[Black "Beeston, Darson"]
[Result "1-0"]
[WhiteElo "1689"]
[BlackElo "1100"]
[PlyCount "109"]
[EventDate "2022.04.15"]
[EventRounds "7"]
[EventCountry "WLS"]

1. f4 c6 2. Nf3 d5 3. e3 Bf5 4. Be2 Nd7 5. O-O f6 6. Nc3 Qc7 7. Nd4 Nh6 8. d3 e5
9. Nxf5 Nxf5 10. e4 Bc5+ 11. Kh1 Ne3 12. Bxe3 d4 13. Bd2 dxc3 14. bxc3 O-O 15. f5
Rad8 16. Bh5 b5 17. Qg4 Nb6 18. Rf3 Rd7 19. Rh3 a5 20. Qh4 h6 21. Bg6 b4 22. Bxh6
gxh6 23. Qxh6 Rh7 24. Bxh7+ Kf7 25. Bg6+ Ke7 26. Qg7+ Kd8 27. Qxc7+ Kxc7 28. Rh7+
Kb8 29. cxb4 axb4 30. Rb1 Na4 31. a3 Nc3 32. Rb3 Na2 33. axb4 Nxb4 34. c3 Rd8 35.
cxb4 Bb6 36. h4 Rf8 37. h5 Be3 38. Rc3 Rd8 39. h6 Rd4 40. Rb3 Rd8 41. g4 Bd2 42.
Kg2 Bf4 43. Kf3 Bd2 44. Ke2 Bf4 45. Rc3 Rd4 46. Rc4 Rd6 47. Rh8+ Kc7 48. h7 Rd7 49.
b5 Bh6 50. Rxc6+ Kb7 51. Rb8+ Kxb8 52. h8=Q+ Ka7 53. Ra6+ Kb7 54. Qa8+ Kc7 55. Rc6#
 1-0

[Event "2022 Welsh Open "]
[Site "Cardiff"]
[Date "2022.04.15"]
[Round "1"]
[Board "22"]
[White "Edwards, Jonathan Simon"]
[Black "Peters, Chris"]
[Result "0-1"]
[WhiteElo "1071"]
[BlackElo "1662"]
[PlyCount "102"]
[EventDate "2022.04.15"]
[EventRounds "7"]
[EventCountry "WLS"]

1. e4 e6 2. d3 c5 3. Nf3 Nc6 4. d4 Nf6 5. e5 Ne4 6. d5 Ne7 7. Bc4 b5 8. d6 bxc4 9.
dxe7 Bxe7 10. c3 O-O 11. Qe2 Bb7 12. Nbd2 f5 13. Nxc4 Ba6 14. O-O Rb8 15. Qd3 d5
16. exd6 Nxd6 17. Nfe5 Nxc4 18. Qxd8 Bxd8 19. Nd7 Bc7 20. Nxb8 Rxb8 21. b3 Nb6 22.
c4 Bb7 23. Be3 Be5 24. Rad1 Rc8 25. Bg5 Kf7 26. a4 h6 27. Be3 Ke7 28. f3 Nd7 29.
Rd3 Bd4 30. Re1 Ne5 31. Rdd1 Bxf3 32. Rb1 Be4 33. Bxd4 cxd4 34. Ra1 Nd3 35. Red1
Nb4 36. Rac1 Nd3 37. Rc2 Rb8 38. Re2 Rxb3 39. g4 Bf3 40. Kf1 Bxe2+ 41. Kxe2 Nf4+
42. Kf2 Nh3+ 43. Kg2 Nf4+ 44. Kf2 e5 45. gxf5 Kd6 46. Kg1 Kc5 47. Re1 Re3 48. Rxe3
dxe3 49. Kf1 Kxc4 50. h4 Kd3 51. h5 e2+  0-1

[Event "2022 Welsh Open "]
[Site "Cardiff"]
[Date "2022.04.15"]
[Round "1"]
[Board "24"]
[White "Maguire, Steve"]
[Black "Larg, Richard"]
[Result "0-1"]
[WhiteElo "856"]
[BlackElo "1645"]
[PlyCount "96"]
[EventDate "2022.04.15"]
[EventRounds "7"]
[EventCountry "WLS"]

1. c4 c5 2. Nc3 Nc6 3. g3 d6 4. Bg2 e5 5. d3 Nf6 6. e4 Be7 7. Nge2 O-O 8. O-O Bd7
9. f4 Qc8 10. f5 g6 11. fxg6 fxg6 12. Bg5 Bh3 13. Qd2 Bxg2 14. Kxg2 Qd7 15. Rf3 Nh5
16. Raf1 Rxf3 17. Rxf3 Rf8 18. Rxf8+ Kxf8 19. Bh6+ Kg8 20. Nd5 Nf6 21. Nxe7+ Qxe7
22. Bg5 Qf7 23. h3 Ne8 24. a3 Ng7 25. Qe3 Ne6 26. Bh6 Ncd4 27. Nxd4 Nxd4 28. Qf2
a6 29. Bg5 b5 30. Qxf7+ Kxf7 31. Bd8 Nb3 32. Bg5 bxc4 33. dxc4 Na5 34. Kf3 Nxc4 35.
Bc1 a5 36. Ke2 Nb6 37. Kd3 Ke6 38. b3 d5 39. Bd2 c4+ 40. bxc4 Nxc4 41. Bc3 Nxa3 42.
Bxa5 d4 43. Ke2 Nb5 44. Kf3 Nd6 45. h4 Nc4 46. Be1 d3 47. Bc3 d2 48. Ke2 Nd6  0-1

[Event "2022 Welsh Open "]
[Site "Cardiff"]
[Date "2022.04.15"]
[Round "2"]
[Board "1"]
[White "Chong, Kimberly"]
[Black "Van Veelen, Thomas"]
[Result "0-1"]
[WhiteElo "1765"]
[BlackElo "1998"]
[PlyCount "0"]
[EventDate "2022.04.15"]
[EventRounds "7"]
[EventCountry "WLS"]

1. e4 c5 2. c3 d5 3. exd5 Qxd5 4. d4 Nf6 5. Nf3 e6 6. Be2 Nc6 7. O-O cxd4 8. cxd4
Be7 9. Nc3 Qd8 10. Be3 O-O 11. Qb3 b6 12. Rfd1 Bb7 13. a4 Na5 14. Qa2 Nd5 15. Qb1
Rc8 16. Nxd5 Qxd5 17. Bd3 Nb3 18. Ra2 g6 19. Ne1 Bf6 20. Bc2 Nxd4 21. f3 Qc4 22.
Bd3 Qb4 23. Bd2 Qc5 24. Kh1 Rfd8 25. Rc1 Qh5 26. Rxc8 Rxc8 27. Be4 Be5 28. h3 Bxe4
29. Qxe4 Qf5 30. Qxf5 Nxf5 31. f4 Rd8 32. Nf3 Bf6 33. b4 Ng3+ 34. Kh2 Nf1+ 35. Kh1
Nxd2 36. Nxd2 Bc3 37. Nf3 Bxb4 38. Ne5 Rd1+ 39. Kh2 Bd6 40. Rc2 Bxe5 41. fxe5 Rd5
42. Rc7 Ra5  0-1

[Event "2022 Welsh Open "]
[Site "Cardiff"]
[Date "2022.04.15"]
[Round "2"]
[Board "2"]
[White "May, Adam J"]
[Black "Di-Vetta, Andrew"]
[Result "1-0"]
[WhiteElo "1950"]
[BlackElo "1726"]
[PlyCount "0"]
[EventDate "2022.04.15"]
[EventRounds "7"]
[EventCountry "WLS"]

1. d4 d5 2. Nf3 c6 3. g3 Bf5 4. Bg2 Nf6 5. c4 e6 6. Nc3 Bb4 7. Qb3 Qe7 8. c5 Ba5
9. Bf4 Ne4 10. O-O f6 11. Nxe4 Bxe4 12. Bd6 Qd7 13. Bh3 Kf7 14. Ne1 Na6 15. f3 Bg6
16. Rd1 Nc7 17. a4 Rhe8 18. Nd3 Bxd3 19. Rxd3 Na6 20. e4 Nb4 21. Rdd1 Qd8 22. f4
g6 23. f5 exf5 24. exf5 g5 25. Rde1 Qd7 26. Re6 Na6 27. Qa3 h5 28. Rf2 g4 29. Rfe2
gxh3 30. Qf3 Kg8 31. Re7 Rxe7 32. Rxe7 Qxe7 33. Bxe7 Bd8 34. Bd6 Bc7 35. Qxh5 Bxd6
36. Qg6+ Kh8 37. Qxf6+ Kg8 38. cxd6 Rf8 39. Qg6+ Kh8 40. f6  1-0

[Event "2022 Welsh Open "]
[Site "Cardiff"]
[Date "2022.04.15"]
[Round "2"]
[Board "3"]
[White "Williams, Duncan"]
[Black "Vlkova, Anezka"]
[Result "0-1"]
[WhiteElo "1725"]
[BlackElo "1938"]
[PlyCount "0"]
[EventDate "2022.04.15"]
[EventRounds "7"]
[EventCountry "WLS"]

1. e4 e6 2. d4 d5 3. e5 c5 4. c3 Nc6 5. Nf3 Bd7 6. a3 c4 7. Bf4 Na5 8. Nbd2 Bc6 9.
g3 Qd7 10. h4 Ba4 11. Qc1 Ne7 12. Bh3 h6 13. Bg4 g6 14. O-O Nf5 15. Ne1 Be7 16. Nc2
g5 17. hxg5 hxg5 18. Be3 f6 19. Kg2 O-O-O 20. Bxf5 exf5 21. f4 fxe5 22. dxe5 d4 23.
Nxd4 Qd5+ 24. N2f3 g4 25. Qb1 gxf3+ 26. Rxf3 Bd7 27. Qc2 Bc5 28. Nxf5 Qxf3+ 29. Kxf3
Bc6+ 30. Qe4 Bxe4+ 31. Kxe4 Bxe3 32. Kxe3 Nb3 33. Rg1 Rd3+ 34. Kf2 Rh2+  0-1

[Event "2022 Welsh Open "]
[Site "Cardiff"]
[Date "2022.04.15"]
[Round "2"]
[Board "4"]
[White "Thomas, Mark"]
[Black "Thomas, Roy"]
[Result "1-0"]
[WhiteElo "1919"]
[BlackElo "1689"]
[PlyCount "0"]
[EventDate "2022.04.15"]
[EventRounds "7"]
[EventCountry "WLS"]

1. e4 c5 2. Nc3 Nc6 3. f4 g6 4. Nf3 Bg7 5. Bb5 Nd4 6. O-O Nxb5 7. Nxb5 Nf6 8. d3
O-O 9. c4 a6 10. Nc3 d6 11. Qe1 e5 12. Nd5 Nxd5 13. cxd5 exf4 14. Bxf4 Bxb2 15. Rb1
Bg7 16. Qg3 Re8 17. Rbe1 b5 18. Bxd6 Qb6 19. Kh1 Bb7 20. Ng5 Qa5 21. Qh4 h6 22. Nxf7
Kh7 23. Ng5+ Kg8 24. Ne6 Rxe6 25. dxe6 Qxa2 26. Qe7 Bc6 27. Rf7 Qb2 28. Ref1 c4 29.
Qc7 Be8 30. Rf8+ Kh7 31. h3 cxd3 32. Rxe8 Rxe8 33. Rf7 d2 34. Be5 d1=Q+ 35. Kh2 Qxe5+
36. Qxe5 Rg8 37. e7 Qd7 38. Rxg7+ Rxg7 39. e8=Q Qb7 40. Q5b8 Qxb8+ 41. Qxb8 g5 42.
Kg3 Rf7 43. Qb6 Rf4 44. Qxa6 Kg7 45. Qxb5 Kf6 46. Qc6+ Kg7 47. e5 h5 48. e6 h4+ 49.
Kh2 Kf6 50. Qd7  1-0

[Event "2022 Welsh Open "]
[Site "Cardiff"]
[Date "2022.04.15"]
[Round "2"]
[Board "5"]
[White "Peters, Chris"]
[Black "Havard, Gwyn"]
[Result "0-1"]
[WhiteElo "1662"]
[BlackElo "1916"]
[PlyCount "0"]
[EventDate "2022.04.15"]
[EventRounds "7"]
[EventCountry "WLS"]

1. e4 d5 2. exd5 Nf6 3. d4 Bg4 4. Nf3 Qxd5 5. Nc3 Qd7 6. Bc4 e6 7. Bf4 Nc6 8. d5
exd5 9. Qe2+ Be7 10. O-O-O d4 11. Rhe1 Qf5 12. Rxd4 O-O 13. Qd2 Nxd4 14. Nxd4 Qd7
15. h3 Bh5 16. Re5 Rad8 17. Nd5 Rfe8 18. Nxf6+ Bxf6 19. Rxh5 Qxd4  0-1